Quizzes
Events
Quiz Creation
Community
Videos
Private Events
Remove Ads
Sign In
Join for FREE
Feedback
Dark Mode
Quiz Categories
Sports
Geography
Music
Movies
Television
Just For Fun
Miscellaneous
History
Literature
Language
Science
Gaming
Entertainment
Religion
Holiday
For Kids
Quiz Lab
Recent
Popular Today
Quiz Kudos Today
Editor Picks
Curator Picks
Quizzes by...
Day
Popularity
Type
Ratings
Length
Year
Community
Subscriptions
Recent Discussions
Orange Saloon
Badges
Playlists
Quests
Create
Leaderboards
Showdown
Live 5
Trivia Bingo
Activity
Puzzle Library
Sporcle Events
Private Events
Virtual Trivia
Globe League
Become a Host
Pub Owners
SporcleCon
Opinionation
Our Games
Videos
Blog
Mobile Apps
Partnerships
Remove Ads and Go Orange
Feedback
Sports
Athletes
MLB
NBA
NHL
NFL
Soccer
Sports Teams
WWE
NCAA
Football
Premier League
Basketball
Baseball
Hockey
Golf
Tennis
Cricket
Rugby
Auto Racing
Olympics
World Cup
Sports
Athletes
MLB
NBA
NHL
NFL
Soccer
Sports Teams
WWE
NCAA
Football
Premier League
Basketball
Baseball
Hockey
Golf
Tennis
Cricket
Rugby
Auto Racing
Olympics
World Cup
Random Quiz
Search Sporcle
×
Quiz Lab
Quiz Lab
Sports
March Madness
Type in answers that appear in a list
Type in answers that appear in a list
Classic
Best Score? Go Orange.
2013 NCAA Tournament Head Coaches Stats
Can you name the 2013 NCAA Tournament Basketball Coaches?
By
tsten
6m
68 Questions
93 Plays
93 Plays
93 Plays
Comments
Comments
Give Quiz Kudos
Give Quiz Kudos
-
- Ratings
hide this ad
Replay
Link that replays current quiz
Next Quiz
Link to next quiz in quiz playlist
You Got
0%
They Got
Avg Score
59%
Avg Friend Score
Upgrade to see
Score Distribution
Jump to the score distribution portion of the page
Score
0/68
Timer
06:00
0
Plays Today
Team
Coach
% Correct
Florida
Billy Donovan
97.8%
Louisville
Rick Pitino
97.8%
North Carolina
Roy Williams
97.8%
Marquette
Buzz Williams
96.8%
Kansas
Bill Self
95.7%
Butler
Brad Stevens
93.5%
Michigan State
Tom Izzo
93.5%
Syracuse
Jim Boeheim
93.5%
VCU
Shaka Smart
92.5%
Gonzaga
Mark Few
91.4%
Indiana
Tom Crean
91.4%
Georgetown
John Thompson III
90.3%
Minnesota
Tubby Smith
90.3%
Ohio State
Thad Matta
90.3%
Arizona
Sean Miller
88.2%
Michigan
John Beilein
88.2%
Pittsburgh
Jamie Dixon
88.2%
Wisconsin
Bo Ryan
87.1%
New Mexico
Steve Alford
86%
Duke
Mike Krzyzewski
84.9%
Kansas State
Bruce Weber
84.9%
UCLA
Ben Howland
83.9%
Miami (Florida)
Jim Larranaga
81.7%
Notre Dame
Mike Brey
79.6%
Villanova
Jay Wright
79.6%
Creighton
Greg McDermott
77.4%
Wichita State
Gregg Marshall
76.3%
Memphis
Josh Pastner
75.3%
Missouri
Frank Haith
75.3%
Florida Gulf Coast
Andy Enfield
74.2%
Harvard
Tommy Amaker
72%
Oregon
Dana Altman
72%
Iowa State
Fred Hoiberg
69.9%
San Diego State
Steve Fisher
69.9%
Team
Coach
% Correct
Oklahoma
Lon Kruger
68.8%
California
Mike Montgomery
66.7%
Cincinnati
Mick Cronin
66.7%
North Carolina State
Mark Gottfried
65.6%
Oklahoma State
Travis Ford
61.3%
Temple
Fran Dunphy
61.3%
Illinois
John Groce
60.2%
Valparaiso
Bryce Drew
58.1%
Mississippi
Andy Kennedy
55.9%
Colorado State
Larry Eustachy
48.4%
Colorado
Tad Boyle
47.3%
Davidson
Bob McKillop
44.1%
Boise State
Leon Rice
43%
UNLV
Dave Rice
41.9%
St. Mary's
Randy Bennett
40.9%
St. Louis
Jim Crews
36.6%
La Salle
John Giannini
31.2%
Middle Tennessee
Kermit Davis
31.2%
Albany
Will Brown
28%
Belmont
Rick Byrd
24.7%
Akron
Keith Dambrot
18.3%
New Mexico State
Marvin Menzies
18.3%
Montana
Wayne Tinkle
17.2%
Iona
Tim Cluess
14%
Western Kentucky
Ray Harper
14%
Bucknell
Dave Paulsen
9.7%
James Madison
Matt Brady
8.6%
Liberty
Dale Layer
8.6%
Northwestern State
Mike McConathy
8.6%
South Dakota State
Scott Nagy
8.6%
Pacific
Bob Thomason
7.5%
Long Island
Jack Perri
6.5%
Southern
Roman Banks
6.5%
North Carolina A&T
Cy Alexander
5.4%
Quiz Playlist
Details
Report
Send in Message
Add To Playlist
Classic:
Type in answers that appear in a list
Last Updated: Feb 16, 2017
Quiz Scoreboard
CHALLENGE
Sign Up to Join the Scoreboard
Show All
Scores
Hide
Comments
May contain spoilers
Recently Published
College Basketball Coaching Resumes
by pancakes188
Sports
9m
Billboard Blitz: Fleetwood Mac
by CooCooCachoo
Music
15s
Presidents Visiting Landmarks
by Hejman
History
7m
More to Explore
Quiz From the Vault
Featured Blog Post
Where Did the Easter Bunny Come From?
hide this ad
You Might Also Like...
Tags
March Madness
Today's Top Quizzes in Sports
Browse Sports
hide this ad
Today's Top Quizzes in March Madness
Browse March Madness
Top Contributed Quizzes in Sports
1
2022 World Cup Stars
2
Les meilleurs buteurs des matchs entre le PSG et l’OM
3
FIFA Club World Cup Champions
4
Les entraîneurs de l'OM et du PSG au 21e siècle
5
Criteria MLB: Left Handed Sluggers
6
AFC Teams Reveal (Wrong Answers Minefield)
7
5-to-1: UK Sports Teams
8
5-to-1: FBS Animal Nicknames
9
2023 MLB Unique Player Accomplishments
10
Name the Premier League winners with different clubs
Explore More
Trending Topics
Disney
Marvel
NBA
Kpop
Harry Potter
Anime
Crossword
NFL
Puzzle
Country
WWE
Pokémon
Song
Soccer
The Office
hide this ad
More By:
tsten
Quiz
Plays
Rating
Category
Featured
Created
Every #1 Team in NCAA Basketball History
759
5.00
Sports
Mar 4, 2013
NCAA Tournament wins since 1985
585
4.20
Sports
Jul 26, 2012
LeBron James' NBA Finals Teammates
555
5.00
Sports
Jun 13, 2013
NBA Missed Free Throws
459
4.80
Sports
Apr 26, 2013
NBA Players with 21+ Assists
442
4.60
Sports
Jan 12, 2013
Go to Creator's Profile
Score Distribution
Quiz Creator Spotlight
tsten
Follow
Send a Message
Quizzes Created
-
Created Quiz Play Count
-
More By This Creator
Popular Quizzes Today
1
Find the US States - No Outlines Minefield
2
Find the Countries of Europe - No Outlines Minefield
3
The Countries of the World
4
Find the US States
5
Risky Map Clicking: Biggest States A-Z
6
US States
7
Popular People in 1961
8
Movies - When Are They Set?
More Sports Quizzes
NBA All Star Starting Lineups Western Conference
Quiz Lab
Trending Quizzes
Risky Map Clicking: Least Populous States A-Z
1-10 Letter G Words
1-10 Letter F Words
Risky Map Clicking: Next State Alphabetically
Risky Map Clicking: Biggest States A-Z
Recently Updated
Leaping Animals
pecheneg
Reality TV Shows (A-Z)
bhenderson79
Rickey Henderson's Hall of Fame Teammates
pecheneg
Champions League XIs: Arsenal
pecheneg
Quick Pick: Celebrities in WWE's Hall of Fame
aduchscher
A-Z Keypad Blitz II
pecheneg
Multiple Oscar Actors
pecheneg
Mystery Phrase Blitz: Oscar 'Best Actors'
pecheneg
F. Scott Fitzgerald Novels
LTH
Pick 3 Villains
ddd62291
Trending Topics
Kpop
Harry Potter
Marvel
NBA
Disney
Anime
Crossword
Country
Pokémon
NFL
Soccer
Puzzle
Song
WWE
The Office
Your Account Isn't Verified!
In order to create a playlist on Sporcle, you need to verify the email address you used during registration. Go to your
Sporcle Settings
to finish the process.
Report this User
Report this user for behavior that violates our
Community Guidelines
.
Details:
Send Report
Go to the Sporcle.com Mobile Site →
Comments